| 000 | 01049nam a2200265Ia 4500 | ||
|---|---|---|---|
| 003 | OSt | ||
| 005 | 20221005111750.0 | ||
| 006 | a|||||r|||| 00| 0 | ||
| 007 | ta | ||
| 008 | 221004b |||||||| |||| 00| 0 hin d | ||
| 024 | _a7407 | ||
| 037 |
_bgift, 18/10/2013, _cTextual |
||
| 040 |
_aCRL _cCRL _bhin |
||
| 041 |
_2hin _ahin |
||
| 082 | _aV2:51y7M56, 155Q3 | ||
| 100 |
_aकोडोलीकर, प्रा. प्रु़़. द. _9624235 |
||
| 245 | 0 | _aलोकमान्य तिलक | |
| 246 | _aLokamānya tilaka | ||
| 260 |
_aमुबंई _bमहाराष्ट्र राज्य साहित्य आणि संस्कृति मंडल भारत _c2013 |
||
| 300 |
_a147पृ0 _ccm. |
||
| 490 | _aमहाराष्ट्राचे शिल्पकार | ||
| 650 | _aविश्व-इतिहास | ||
| 942 |
_hV2:51y7M56, 155Q3 _cTEXL _2cc |
||
| 999 |
_c1022819 _d1022819 |
||